BIBLIOTECA

SENCICO

Análisis de datos espaciales urbanos entre el levantamiento topográfico y la aplicación de un vuelo drone / (Registro nro. 4214)

Detalles MARC
000 -LEADER
fixed length control field 01092nam a22002537a 4500
003 - CONTROL NUMBER IDENTIFIER
control field PE SENCICO BE
005 - DATE AND TIME OF LATEST TRANSACTION
control field 20251020182639.0
008 - FIXED-LENGTH DATA ELEMENTS--GENERAL INFORMATION
fixed length control field 230622b |||||||| |||| 00| 0 eng d
040 ## - CATALOGING SOURCE
Original cataloging agency PE SENCICO BE
Transcribing agency PE SENCICO BE
084 ## - OTHER CLASSIFICATION NUMBER
Classification number I
-- TOP
-- 2017
Item number Z96
100 1# - MAIN ENTRY--PERSONAL NAME
9 (RLIN) 1182
Personal name Zurita Palomino, Angel Leonardo
Relator term autor
245 1# - TITLE STATEMENT
Title Análisis de datos espaciales urbanos entre el levantamiento topográfico y la aplicación de un vuelo drone /
Statement of responsibility, etc. Angel Leonardo Zurita Palomino
260 ## - PUBLICATION, DISTRIBUTION, ETC.
Place of publication, distribution, etc. Lima :
Date of publication, distribution, etc. 2017
300 1# - PHYSICAL DESCRIPTION
Extent 104 h. :
Other physical details il. col., tabls., planos ;
Dimensions 19 cm.
502 ## - DISSERTATION NOTE
Dissertation note Servicio Nacional de Capacitación para la Industria de la Construcción. Escuela Superior Técnica. Carrera Profesional Técnica en Topografía y Geodesía, 2017.
504 ## - BIBLIOGRAPHY, ETC. NOTE
Bibliography, etc. note Bibliografía: h. 103
650 14 - SUBJECT ADDED ENTRY--TOPICAL TERM
9 (RLIN) 4
Topical term or geographic name entry element Topografía
650 24 - SUBJECT ADDED ENTRY--TOPICAL TERM
9 (RLIN) 116
Topical term or geographic name entry element Levantamiento topográfico
650 24 - SUBJECT ADDED ENTRY--TOPICAL TERM
9 (RLIN) 1164
Topical term or geographic name entry element Drones
650 24 - SUBJECT ADDED ENTRY--TOPICAL TERM
9 (RLIN) 414
Topical term or geographic name entry element Fotogrametría aérea
710 1# - ADDED ENTRY--CORPORATE NAME
Corporate name or jurisdiction name as entry element Servicio Nacional de Capacitación para la Industria de la Construcción.
Subordinate unit Escuela Superior Técnica
9 (RLIN) 1065
910 ## - USER-OPTION DATA (OCLC)
-- hfp
-- hfp
942 ## - ADDED ENTRY ELEMENTS (KOHA)
Koha item type Monografía de Titulación
Existencias
Fecha de la última vez que lo usaron Número de ingreso o de inventario Pago total Signatura topográfica completa Precio efectivo desde Tipo de documento Estado perdido Estado dañado No es para préstamo Retirado Ubicación permanente Ubicación actual Fecha de adquisición
22/06/2023 I-00052   I/TOP/2017/Z96 22/06/2023 Monografía de Titulación         Biblioteca Central Lima Biblioteca Central Lima 22/06/2023